| 000 | 00874cab a2200253 4500 | ||
|---|---|---|---|
| 001 | WB2618-09 | ||
| 008 | 090401t1990 xxu||||| |||| 00| 0 eng d | ||
| 035 | _a(Sirsi) u51945 | ||
| 041 | _aeng | ||
| 245 | _aOut of step means out of pocket | ||
| 260 | _c1990 | ||
| 350 | _a0 | ||
| 490 |
_aFinancial Times _v9/5/90 p27 |
||
| 520 | _aDepression in the UK property sector is taking its toll. More companies are expected to follow in the steps of Rush & Tompkins where the receiver has been called in and Sheraton Securities where the banks have been called upon to restructure the finances. | ||
| 650 | _aCONSTRUCTION COMPANIES | ||
| 650 | _aPROPERTY COMPANIES | ||
| 650 | _aPRUDENTIAL CORPORATION | ||
| 650 | _aRECEIVERSHIP | ||
| 650 | _aRECESSION | ||
| 650 | _aTRAFALGAR HOUSE | ||
| 690 | _aPROPERTY-COMMERCIAL PROPERTY | ||
| 942 | _n0 | ||
| 948 | _c04/03/1997 | ||
| 999 |
_c32225 _d32225 |
||